000 00275nam a2200109Ia 4500
008 220204s9999 xx 000 0 und d
082 _a681.846.7
_bSAL
100 _aSalem, W G
245 0 _aTape recording for fun and profit
260 _aEngland
_bFoulsham
_c1975
942 _cBK
999 _c27566
_d27566